000
00333nam a2200133Ia 4500
008
191201s2010 xx 000 0 und d
100
_a
MARTIN, John C
245
0
_a
Introduction to Languages and the Theory of Computation
250
_a
8th Rep
260
_c
2010
_b
TMH
_a
N. Delhi
300
_a
543
650
_a
CSE
942
_2
ddc
_c
BB
999
_c
7322
_d
7322